| 000 | 00848cam a2200265 4500 | ||
|---|---|---|---|
| 008 | 090401t1992 xxu||||| |||| 00| 0 eng d | ||
| 020 | _a011551144X | ||
| 035 | _a(Sirsi) u62864 | ||
| 041 | _aeng | ||
| 050 | _a625.7042 | ||
| 110 |
_aDepartment of Transport _91172 |
||
| 245 | _aSafety at street works and road works: a code of practice issued ... under sections 65 and 124 of the New Roads and Street Works Act 1991. | ||
| 260 |
_aLondon _bHMSO _c1992 |
||
| 300 | _a60p. : ill. ; 15x22cm. | ||
| 350 | _a3.95 | ||
| 650 | _aNEW ROADS AND STREET WORKS ACT 1991 | ||
| 650 | _aROAD WORKS | ||
| 650 | _aSTREET WORKS | ||
| 650 | _aTRAFFIC SIGNS | ||
| 690 | _aHIGHWAYS RIGHTS OF WAY AND EASEMENTS | ||
| 710 |
_aUnited Kingdom _bScottish Office _91510 |
||
| 710 |
_aUnited Kingdom _bWelsh Office _91214 |
||
| 942 | _n0 | ||
| 948 | _c04/03/1997 | ||
| 999 |
_c94489 _d94489 |
||